Picta Nilotica Romana

محفوظ في:

المؤلف الرئيسي: Eleonora Voltan

التنسيق: كتاب

اللغة: Undetermined

الوصول للمادة أونلاين: Login to view Source

الوسوم: إضافة وسم

لا توجد وسوم, كن أول من يضع وسما على هذه التسجيلة!

رقم الطلب:

LEADER 00422nmm a2200133Ia 4500
008 240716s9999||||xx |||||||||||||||||und||
020 |a 9781803276380 
020 |a 9781803276397 
100 |a Eleonora Voltan 
245 1 0 |a Picta Nilotica Romana  |c Eleonora Voltan 
264 |b Archaeopress Archaeology  |c 11-يناير-24 
856 4 0 |u http://library.arce.org:8087/Archaeopress/Products/9781803276380 
942 |2 lcc  |c EBOOK 
999 |c 58961  |d 58961